Focus (Record no. 83234)
[ view plain ]
| 000 -LEADER | |
|---|---|
| fixed length control field | 00946cab a22002175a 4500 |
| 001 - CONTROL NUMBER | |
| control field | L153226 |
| 008 - FIXED-LENGTH DATA ELEMENTS--GENERAL INFORMATION | |
| fixed length control field | 110624e20110618xxk 000 0 eng d |
| 035 ## - SYSTEM CONTROL NUMBER | |
| System control number | (Sirsi) u153226 |
| 041 0# - LANGUAGE CODE | |
| Language code of text/sound track or separate title | eng |
| 100 1# - MAIN ENTRY--PERSONAL NAME | |
| Personal name | Thame, David |
| 245 00 - TITLE STATEMENT | |
| Title | Focus |
| Remainder of title | Merseyside |
| 260 ## - PUBLICATION, DISTRIBUTION, ETC. | |
| Date of publication, distribution, etc. | 2011 |
| 490 ## - SERIES STATEMENT | |
| Series statement | Estates Gazette |
| Volume/sequential designation | (1124) 18 June 2011, 85-99(11) |
| 520 ## - SUMMARY, ETC. | |
| Summary, etc. | Interviews with Sir Terry Leahy and Rod Holmes and their vision for the Liverpool City Region Local Enterprise Partnership. Planned regeneration schemes including Great Homer Street Liverpool, Edge Land Retail Park, ACC Liverpool waterfront extension and Speke Leisure Park. creation of the Liverpool Waters and Wirral Waters enterprise zone. Market overview of offices, industrial and retail sectors. |
| 590 ## - LOCAL NOTE (RLIN) | |
| Local note | KA |
| 651 #4 - SUBJECT ADDED ENTRY--GEOGRAPHIC NAME | |
| Geographic name | Merseyside |
| 690 ## - LOCAL SUBJECT ADDED ENTRY--TOPICAL TERM (OCLC, RLIN) | |
| Topical term or geographic name as entry element | PROPERTY-COMMERCIAL PROPERTY-COMMERCIAL PROPERTY MARKET |
| 700 1# - ADDED ENTRY--PERSONAL NAME | |
| Personal name | Quinn, David |
| 700 1# - ADDED ENTRY--PERSONAL NAME | |
| Personal name | Cunningham, Daniel |
| 942 ## - ADDED ENTRY ELEMENTS (KOHA) | |
| Suppress in OPAC | 0 |
| Withdrawn status | Lost status | Source of classification or shelving scheme | Damaged status | Not for loan | Home library | Current library | Shelving location | Date acquired | Total Checkouts | Full call number | Barcode | Date last seen | Copy number | Price effective from | Koha item type |
|---|---|---|---|---|---|---|---|---|---|---|---|---|---|---|---|
| Dewey Decimal Classification | London | London | Books | 24/06/2011 | L153226 | 153226-1001 | 06/08/2019 | 1 | 06/08/2019 | Journal article |